000 01755cam a22001815a 4500
001 L155280
008 120314s1735 xxk f 000 0 eng d
035 _a(Sirsi) u155280
041 0 _aeng
100 1 _aGentleman of the Inner Temple
245 0 4 _aThe compleat English copyholder
_bor, a guide to lords of manors, Justices of the Peace, Tenants, Stewards, Attornies, Bailiffs, Constables, Gamekeepers, Haywards, Reeves, Surveyors of the Highways, &c. being the Common and Statute Law of England, together with the adjudged Cases relating to Manors, Copyhold Estates, Courts-Leet and Courts-Baron, Common Placed; Containing the whole practice of the Court-Leet, Court of ancient Demesne, Court-Baron, and Musick-Court of the Honour of Tutbury, and the Business of a Manor in all its Branches. And Also The Tenures, Customs, and Usages of several Manors in England and Wales, shewing who has Right to attend the Coronation of the Kings and Queens of Great Britain, or to perform other Scrvices to them, or the Lords of the several Manors, collected from Records, Manuscripts, and printed Books; with Directions for distraining for rent; by the late Sir Bartholomew Shower. ... . By a gentleman of the Inner Temple.
260 _a[London]
_bIn the Savoy: printed by E. and R. Nutt, and R. Gosling, (assigns of E. Sayer, Esq;) for Innys and Manby at the West End of St. Paul's Churchyard; Batley and Wood at the Dove in Pater-Noster-Row; Ward and Chandler, at the Ship, between the Temple Gates, in Fleet-Street, and sold at their shop in Scarborough
_cMDCCXXXV. [1735]
300 _a2v. ([8], 598, [74] p.)
_c8o
583 _aCondition reviewed
_c20120620
_lcondition level 1
651 4 _aGreat Britain
_y1707-
690 _aLand use
_96251
942 _n0
999 _c113449
_d113449